| 000 | 00558cam a2200193 4500500 | ||
|---|---|---|---|
| 005 | 20260405002252.0 | ||
| 041 | _afre | ||
| 042 | _adc | ||
| 245 | 0 | 0 | _aAccélération ! |
| 260 | _c2016. | ||
| 500 | _a1 | ||
| 690 | _aAccélération | ||
| 690 | _aAccélérationnisme | ||
| 690 | _aCapitalisme | ||
| 690 | _aLaurent de Sutter | ||
| 690 | _aVitesse | ||
| 786 | 0 | _nPhilosophie magazine | 101 | 7 | 2016-07-01 | p. 70-70 | 1951-1787 | |
| 856 | 4 | 1 | _uhttps://shs.cairn.info/magazine-philosophie-magazine-2016-7-page-70?lang=fr&redirect-ssocas=7080 |
| 999 |
_c2056061 _d2056061 |
||